[Event "TUR-chT2"]
[Site "Konya"]
[Date "2018.07.14"]
[Round "8.5"]
[White "Gucin, Zafer"]
[Black "Koc, Ilkay"]
[Result "1-0"]
[WhiteElo "2015"]
[BlackElo "1961"]
[PlyCount "103"]
[EventDate "2018.07.10"]
[EventType "team-swiss"]
[EventRounds "9"]
[EventCountry "TUR"]
[SourceTitle "EXT 2019"]
[Source "ChessBase"]
[SourceDate "2018.10.10"]
[SourceVersion "1"]
[SourceVersionDate "2018.10.10"]
[SourceQuality "1"]
[WhiteTeam "Mercan Egitim"]
[BlackTeam "Bursa Uludag"]
[WhiteTeamCountry "TUR"]
[BlackTeamCountry "TUR"]

1. c4 Nf6 2. Nc3 e6 3. Nf3 d5 4. d4 Be7 5. e3 0-0 6. Bd3 b6 7. 0-0 Bb7 8. Ne5 Nbd7 9. Nxd7 Qxd7 10. Qe2 c5 11. dxc5 bxc5 12. Rd1 Rfd8 13. e4 d4 14. Nb1 Qc6 15. Nd2 e5 16. Re1 Nd7 17. Qg4 a5 18. a4 Ra6 19. Nb1 Qc8 20. Na3 Rg6 21. Qf5 Re8 22. Nb5 Qc6 23. Na7 Qc7 24. Nb5 Qd8 25. Bd2 Re6 26. Bf1 Qb6 27. Ra3 Bc8 28. Rb3 Qd8 29. Qh5 Nb8 30. Rh3 h6 31. Rg3 Qb6 32. Rb3 Qd8 33. Rg3 g5 34. h4 Rg6 35. Be2 Kg7 36. f4 exf4 37. Bxf4 Nc6 38. Bc7 Qd7 39. Bg4 Re6 40. Rf1 Rf8 41. Bf5 Qe8 42. hxg5 Rg6 43. Bxg6 fxg6 44. Qxh6+ Kg8 45. Rgf3 Rxf3 46. Rxf3 Bg4 47. Rf4 Bh5 48. Nd6 Qf8 49. Qxf8+ Bxf8 50. g4 Bxg4 51. Rxg4 Ne5 52. Rg3 1-0

[Event "TUR-chT2"]
[Site "Konya"]
[Date "2018.07.14"]
[Round "7.8"]
[White "Gucin, Zafer"]
[Black "Ozsoy, Alimert"]
[Result "1-0"]
[WhiteElo "2015"]
[BlackElo "1946"]
[PlyCount "77"]
[EventDate "2018.07.10"]
[EventType "team-swiss"]
[EventRounds "9"]
[EventCountry "TUR"]
[SourceTitle "EXT 2019"]
[Source "ChessBase"]
[SourceDate "2018.10.10"]
[SourceVersion "1"]
[SourceVersionDate "2018.10.10"]
[SourceQuality "1"]
[WhiteTeam "Mercan Egitim"]
[BlackTeam "Burhaniye"]
[WhiteTeamCountry "TUR"]
[BlackTeamCountry "TUR"]

1. e4 Nf6 2. e5 Nd5 3. Nc3 Nxc3 4. dxc3 Nc6 5. Nf3 d6 6. Bc4 e6 7. Qe2 Be7 8. h4 Nxe5 9. Nxe5 dxe5 10. Qxe5 Bf6 11. Qe4 Bd7 12. Qxb7 0-0 13. Qe4 Qe7 14. Bg5 Rab8 15. 0-0-0 Bb5 16. Bxf6 Qxf6 17. f3 Rb6 18. Bxb5 Rxb5 19. Rd4 Rfb8 20. b3 Qe7 21. Rhd1 R5b6 22. Kb2 Rd6 23. Rxd6 cxd6 24. c4 h6 25. h5 Rb6 26. g4 Qc7 27. Qd4 Rc6 28. Rd2 Qb8 29. c5 d5 30. c4 dxc4 31. Qd8+ Qxd8 32. Rxd8+ Kh7 33. b4 e5 34. Rd6 Rc7 35. Kc3 g6 36. Kxc4 gxh5 37. gxh5 f5 38. c6 Rc8 39. Kd5 1-0

[Event "TUR-chT2"]
[Site "Konya"]
[Date "2018.07.11"]
[Round "3.2"]
[White "Gucin, Zafer"]
[Black "Demirbag, Alihan"]
[Result "1/2-1/2"]
[WhiteElo "2015"]
[BlackElo "2079"]
[PlyCount "152"]
[EventDate "2018.07.10"]
[EventType "team-swiss"]
[EventRounds "9"]
[EventCountry "TUR"]
[SourceTitle "EXT 2019"]
[Source "ChessBase"]
[SourceDate "2018.10.10"]
[SourceVersion "1"]
[SourceVersionDate "2018.10.10"]
[SourceQuality "1"]
[WhiteTeam "Mercan Egitim"]
[BlackTeam "Izmir Apaydin Dernegi"]
[WhiteTeamCountry "TUR"]
[BlackTeamCountry "TUR"]

1. e4 c5 2. Nf3 d6 3. d4 cxd4 4. Nxd4 Nf6 5. Nc3 g6 6. Be3 Bg7 7. f3 a6 8. Bc4 Nbd7 9. Qd2 h5 10. 0-0-0 b5 11. Bb3 Bb7 12. Kb1 Rc8 13. h3 Ne5 14. Rhe1 Nc4 15. Bxc4 Rxc4 16. e5 dxe5 17. Ne6 Qxd2 18. Nxg7+ Kf8 19. Bxd2 Kxg7 20. Rxe5 e6 21. a3 h4 22. Be3 Rh5 23. Rxh5 Nxh5 24. b3 Rc7 25. Ne2 e5 26. Bg5 e4 27. Nd4 exf3 28. gxf3 Bc8 29. Bxh4 Bxh3 30. Rd2 f6 31. Kb2 Bc8 32. Re2 Kf7 33. Be1 g5 34. Rh2 Kg6 35. Re2 Kf7 36. Rh2 Ng7 37. Rh8 Bb7 38. Rh6 Re7 39. Bd2 Bc8 40. c4 bxc4 41. bxc4 Nf5 42. Rh7+ Kg6 43. Rxe7 Nxe7 44. Kc3 Bb7 45. Kd3 Kh5 46. Be1 Ng6 47. c5 Ne5+ 48. Ke2 g4 49. f4 Nf3 50. Nxf3 Bxf3+ 51. Ke3 Kg6 52. Kf2 Kf5 53. Kg3 Bc6 54. Bc3 Be4 55. c6 Bxc6 56. Bb4 Bd7 57. Bc3 Be6 58. Bd4 Kg6 59. Bc5 Kf7 60. Bb4 f5 61. Bc5 Ke8 62. Bb4 Kd7 63. Bf8 Kc6 64. Be7 Kd5 65. Bf8 Kc4 66. Be7 a5 67. Bf8 Kb5 68. Be7 Ka4 69. Bf8 Kb3 70. Be7 Bc4 71. Bf8 a4 72. Be7 Bb5 73. Bf8 Bc4 74. Be7 Bb5 75. Bf8 Bc4 76. Be7 Bb5 1/2-1/2

[Event "TUR Cup"]
[Site "Antalya"]
[Date "2017.02.02"]
[Round "9"]
[White "Can, Melih Kaan"]
[Black "Gucin, Zafer"]
[Result "0-1"]
[WhiteElo "2064"]
[BlackElo "1969"]
[PlyCount "40"]
[EventDate "2017.01.28"]
[EventType "swiss"]
[EventRounds "11"]
[EventCountry "TUR"]
[SourceTitle "CBM 176 Extra"]
[Source "ChessBase"]
[SourceDate "2017.03.02"]
[SourceVersion "1"]
[SourceVersionDate "2017.03.02"]
[SourceQuality "1"]

1. Nf3 Nf6 2. d4 g6 3. Bf4 Bg7 4. e3 d6 5. Be2 0-0 6. h3 Nc6 7. 0-0 e5 8. Bh2 exd4 9. exd4 Bf5 10. c4 Re8 11. Nc3 Ne4 12. Nd5 Bd7 13. Re1 Ng5 14. Nxg5 Qxg5 15. Nxc7 Bxh3 16. g3 Bxd4 17. Nxe8 Rxe8 18. Bf1 Bxf2+ 19. Kxf2 Qc5+ 20. Kf3 Qf5# 0-1

[Event "TUR-chT2"]
[Site "Konya"]
[Date "2015.07.31"]
[Round "9.10"]
[White "Bagaturov, Giorgi"]
[Black "Gucin, Zafer"]
[Result "1-0"]
[WhiteElo "2399"]
[BlackElo "2053"]
[PlyCount "63"]
[EventDate "2015.07.25"]
[EventType "team-swiss"]
[EventRounds "9"]
[EventCountry "TUR"]
[SourceTitle "EXT 2017"]
[Source "ChessBase"]
[SourceDate "2016.10.25"]
[SourceVersion "1"]
[SourceVersionDate "2016.10.25"]
[SourceQuality "1"]
[WhiteTeam "Ankara Odtu"]
[BlackTeam "Adana Dahi"]
[WhiteTeamCountry "TUR"]
[BlackTeamCountry "TUR"]

1. d4 Nf6 2. Nf3 g6 3. c4 Bg7 4. g3 0-0 5. Bg2 d6 6. Nc3 Nbd7 7. 0-0 e5 8. e4 exd4 9. Nxd4 Re8 10. h3 a6 11. Rb1 Rb8 12. b3 Ne5 13. Bb2 Bd7 14. Re1 Nc6 15. Nxc6 Bxc6 16. Nd5 Bd7 17. Qd4 Re6 18. Qd2 b5 19. Nf4 Re8 20. cxb5 axb5 21. Rbd1 g5 22. Nd3 h6 23. e5 dxe5 24. Nxe5 Be6 25. Qb4 Nd5 26. Qc5 Bf8 27. Qc1 Qd6 28. Ng4 Bxg4 29. Rxd5 Rxe1+ 30. Qxe1 Qe6 31. Qc3 f6 32. hxg4 1-0

[Event "TUR-chT2"]
[Site "Konya"]
[Date "2015.07.29"]
[Round "7.7"]
[White "Gucin, Zafer"]
[Black "Odeev, Handszar"]
[Result "0-1"]
[WhiteElo "2053"]
[BlackElo "2411"]
[PlyCount "52"]
[EventDate "2015.07.25"]
[EventType "team-swiss"]
[EventRounds "9"]
[EventCountry "TUR"]
[SourceTitle "EXT 2017"]
[Source "ChessBase"]
[SourceDate "2016.10.25"]
[SourceVersion "1"]
[SourceVersionDate "2016.10.25"]
[SourceQuality "1"]
[WhiteTeam "Adana Dahi"]
[BlackTeam "Mersin Ezgi"]
[WhiteTeamCountry "TUR"]
[BlackTeamCountry "TUR"]

1. Nf3 Nf6 2. d4 g6 3. c4 c5 4. Nc3 cxd4 5. Nxd4 Qa5 6. Nc2 Bg7 7. f3 d5 8. b4 Qc7 9. c5 a5 10. a3 axb4 11. axb4 Rxa1 12. Nxa1 0-0 13. Bb2 Na6 14. Qb3 Qf4 15. Na2 d4 16. Nc1 Bh6 17. e3 dxe3 18. Bxa6 bxa6 19. 0-0 Be6 20. Qc3 Rd8 21. Ne2 Qc4 22. Re1 Rd2 23. Nd4 Qa2 24. Nac2 Nd5 25. Qa3 Qxa3 26. Bxa3 Bc8 0-1

[Event "TUR-chT2"]
[Site "Konya"]
[Date "2015.07.28"]
[Round "5.9"]
[White "Gucin, Zafer"]
[Black "Mammadov, Ayaz Arzu"]
[Result "0-1"]
[WhiteElo "2053"]
[BlackElo "2404"]
[PlyCount "70"]
[EventDate "2015.07.25"]
[EventType "team-swiss"]
[EventRounds "9"]
[EventCountry "TUR"]
[SourceTitle "CBM 167 Extra"]
[Source "ChessBase"]
[SourceDate "2015.09.14"]
[SourceVersion "1"]
[SourceVersionDate "2015.09.14"]
[SourceQuality "1"]
[WhiteTeam "Adana Dahi"]
[BlackTeam "Karaman Saglik"]
[WhiteTeamCountry "TUR"]
[BlackTeamCountry "TUR"]

1. d4 d5 2. c4 e6 3. Nf3 c6 4. e3 Nf6 5. Nc3 Nbd7 6. Bd3 dxc4 7. Bxc4 b5 8. Bd3 Bd6 9. e4 e5 10. d5 cxd5 11. Nxb5 Bb8 12. Nc3 0-0 13. Bg5 h6 14. Bxf6 Nxf6 15. 0-0 dxe4 16. Nxe4 Bb7 17. Re1 Bc7 18. Nxf6+ Qxf6 19. Be4 Qb6 20. Bxb7 Qxb7 21. Nxe5 Qxb2 22. Re2 Qb4 23. Nc6 Qb5 24. Rc1 Bb6 25. a4 Qh5 26. Rcc2 Qh4 27. a5 Bd8 28. Qd5 Bf6 29. Rc4 Qg5 30. Qxg5 hxg5 31. a6 Rfd8 32. Kf1 Rd6 33. h3 Re6 34. g3 g6 35. Rec2 Kg7 0-1

[Event "TUR-chT2"]
[Site "Konya"]
[Date "2015.07.26"]
[Round "2.8"]
[White "Szabo, Bence"]
[Black "Gucin, Zafer"]
[Result "1-0"]
[WhiteElo "2399"]
[BlackElo "2053"]
[PlyCount "38"]
[EventDate "2015.07.25"]
[EventType "team-swiss"]
[EventRounds "9"]
[EventCountry "TUR"]
[SourceTitle "CBM 167 Extra"]
[Source "ChessBase"]
[SourceDate "2015.09.14"]
[SourceVersion "1"]
[SourceVersionDate "2015.09.14"]
[SourceQuality "1"]
[WhiteTeam "Hatay Samandag"]
[BlackTeam "Adana Dahi"]
[WhiteTeamCountry "TUR"]
[BlackTeamCountry "TUR"]

1. Nf3 Nf6 2. c4 g6 3. Nc3 Bg7 4. e4 d6 5. d4 0-0 6. h3 Na6 7. Bg5 Qe8 8. Be2 e5 9. d5 Nd7 10. Nd2 f6 11. Bh4 Ndc5 12. 0-0 f5 13. exf5 Bxf5 14. Nf3 Nb4 15. Ne1 g5 16. Bxg5 Qg6 17. Bh4 h6 18. Bg3 a6 19. Bh5 Qh7 1-0

[Event "Malatya Golden Apricot op 2nd"]
[Site "Malatya"]
[Date "2014.06.19"]
[Round "7"]
[White "Ceylan, Imamettin"]
[Black "Gucin, Zafer"]
[Result "1-0"]
[WhiteElo "1946"]
[BlackElo "2155"]
[PlyCount "153"]
[EventDate "2014.06.15"]
[EventType "swiss"]
[EventRounds "9"]
[EventCountry "TUR"]
[SourceTitle "CBM 160 Extra"]
[Source "ChessBase"]
[SourceDate "2014.07.01"]
[SourceVersion "1"]
[SourceVersionDate "2014.07.01"]
[SourceQuality "1"]

1. d4 Nf6 2. e3 g6 3. Bd3 Bg7 4. f4 0-0 5. Nf3 d6 6. c4 Nc6 7. 0-0 e5 8. d5 Nb4 9. fxe5 dxe5 10. Nxe5 Nfxd5 11. Nxf7 Rxf7 12. Rxf7 Kxf7 13. cxd5 Qxd5 14. Qf1+ Ke7 15. Bc4 Qf5 16. Nc3 Qxf1+ 17. Kxf1 Be6 18. Bxe6 Kxe6 19. Bd2 Bxc3 20. bxc3 Nc6 21. Ke2 Rf8 22. Rb1 b6 23. Be1 Rf5 24. Bg3 Ne7 25. e4 Ra5 26. Rb2 Ra3 27. Kd3 c5 28. Rc2 Nc6 29. Kd2 Ne5 30. Ke2 b5 31. Bf2 c4 32. Bc5 Ra4 33. Ke3 Nd3 34. Bf8 Ra6 35. Rd2 Kf7 36. Bh6 Rf6 37. Rd1 a5 38. Bg5 Rc6 39. Rf1+ Ke8 40. a3 b4 41. axb4 axb4 42. cxb4 Nxb4 43. Rb1 Nc2+ 44. Kd2 Nd4 45. Rb7 c3+ 46. Kd3 Ne6 47. Rb8+ Kf7 48. Bc1 h5 49. h4 c2 50. Rb7+ Kf8 51. Kd2 Kg8 52. Rb5 Rd6+ 53. Kc3 Rd1 54. Rb8+ Kf7 55. Kxc2 Rg1 56. Rb7+ Ke8 57. Ba3 Rxg2+ 58. Kd1 Nd4 59. e5 Kd8 60. Rf7 Rg4 61. Rg7 Rg1+ 62. Kd2 Nf3+ 63. Ke3 Nxe5 64. Ke4 Nc4 65. Bc5 Rg4+ 66. Kd5 Kc8 67. Kc6 Ne5+ 68. Kd5 Nc4 69. Be7 Kb7 70. Bg5+ Ka6 71. Rxg6+ Kb5 72. Rh6 Nb2 73. Rxh5 Nd3 74. Ke6 Kc6 75. Kf5 Ra4 76. Rh8 Kd7 77. Rd8+ 1-0

[Event "Malatya Golden Apricot op 2nd"]
[Site "Malatya"]
[Date "2014.06.17"]
[Round "5"]
[White "Gucin, Zafer"]
[Black "Mirzoev, Azer"]
[Result "0-1"]
[WhiteElo "2155"]
[BlackElo "2557"]
[PlyCount "134"]
[EventDate "2014.06.15"]
[EventType "swiss"]
[EventRounds "9"]
[EventCountry "TUR"]
[SourceTitle "CBM 160 Extra"]
[Source "ChessBase"]
[SourceDate "2014.07.01"]
[SourceVersion "1"]
[SourceVersionDate "2014.07.01"]
[SourceQuality "1"]

1. e4 d5 2. exd5 Qxd5 3. Nc3 Qd6 4. d4 c6 5. Nf3 Bg4 6. Bc4 e6 7. Be2 Nf6 8. 0-0 Nbd7 9. Bg5 Be7 10. Bh4 0-0 11. Bg3 Qb4 12. a3 Qb6 13. h3 Bh5 14. Na4 Qd8 15. c4 Nb6 16. Nxb6 Qxb6 17. c5 Qd8 18. Qb3 Qc8 19. Rfe1 Rd8 20. Rad1 Nd5 21. Ne5 Bxe2 22. Rxe2 Bf6 23. Nc4 Qd7 24. Be5 Be7 25. Bd6 Bxd6 26. Nxd6 b6 27. Qg3 a5 28. Rc1 bxc5 29. dxc5 Rab8 30. Rc4 Qa7 31. Rg4 g6 32. Rc4 Qe7 33. Qe5 Rb3 34. h4 h5 35. Ra4 Ra8 36. Rd2 Kh7 37. Ne4 Ra7 38. g3 Kg8 39. Qd6 Qxd6 40. cxd6 Kf8 41. Rc4 Rb6 42. Rdc2 Ke8 43. Rxc6 Rxc6 44. Rxc6 Kd7 45. Rc2 f5 46. Nd2 Kxd6 47. Nc4+ Ke7 48. Ne5 Kf6 49. f4 Ne3 50. Rc8 Ng4 51. Nf3 Rb7 52. Ng5 e5 53. Rc6+ Kg7 54. Ne6+ Kh6 55. fxe5 Nxe5 56. Rc5 Nf3+ 57. Kf2 Nd2 58. Rxa5 Rxb2 59. Ra7 Ne4+ 60. Kf3 Rb3+ 61. Kf4 Rxg3 62. Nf8 Rg4+ 63. Kf3 Rxh4 64. a4 Ng5+ 65. Kf2 Rf4+ 66. Kg3 Rg4+ 67. Kf2 h4 0-1

[Event "Kesan op 11th"]
[Site "Edirne"]
[Date "2013.08.28"]
[Round "3"]
[White "Gucin, Zafer"]
[Black "Rasulov, Vugar Ural Oglu"]
[Result "0-1"]
[WhiteElo "2119"]
[BlackElo "2483"]
[PlyCount "94"]
[EventDate "2013.08.26"]
[EventType "swiss"]
[EventRounds "9"]
[EventCountry "TUR"]
[SourceTitle "CBM 156 Extra"]
[Source "ChessBase"]
[SourceDate "2013.10.22"]
[SourceVersion "1"]
[SourceVersionDate "2013.10.22"]
[SourceQuality "1"]

1. Nf3 Nf6 2. g3 c5 3. c4 Nc6 4. Bg2 d5 5. cxd5 Nxd5 6. Nc3 Nc7 7. 0-0 e5 8. b3 Be7 9. Bb2 0-0 10. d3 f6 11. Nd2 Bg4 12. Nc4 Qd7 13. Ne3 Be6 14. Qd2 Rae8 15. Rac1 b6 16. Nc4 Bh3 17. Bxh3 Qxh3 18. f4 exf4 19. Qxf4 Qd7 20. e4 Nd4 21. Ne3 b5 22. Qf2 Nce6 23. Ncd5 Bd6 24. Kh1 Rf7 25. Qg2 Ref8 26. g4 Be5 27. Bxd4 cxd4 28. Nf5 Kh8 29. Rc2 Re8 30. h4 g6 31. Ng3 Ref8 32. Ne2 Qd8 33. Rc6 Ng7 34. Rfc1 f5 35. g5 Nh5 36. Re6 Bg7 37. e5 Bxe5 38. Qf3 Re8 39. Rxe8+ Qxe8 40. Nef4 Nxf4 41. Nxf4 Bd6 42. Rc2 Re7 43. Nd5 Re1+ 44. Kg2 Qe5 45. Kf2 Ra1 46. Nf4 Qe1+ 47. Kg2 Qh1+ 0-1

[Event "TUR-ch"]
[Site "Antalya"]
[Date "2013.02.06"]
[Round "7"]
[White "Gucin, Zafer"]
[Black "Dedebas, Emre Emin"]
[Result "1-0"]
[WhiteElo "2120"]
[BlackElo "1848"]
[PlyCount "53"]
[EventDate "2013.02.02"]
[EventType "swiss"]
[EventRounds "11"]
[EventCountry "TUR"]
[SourceTitle "CBM 152 Extra"]
[Source "ChessBase"]
[SourceDate "2013.02.25"]
[SourceVersion "1"]
[SourceVersionDate "2013.02.25"]
[SourceQuality "1"]

1. e4 c5 2. Nf3 Nc6 3. c3 d5 4. exd5 Qxd5 5. d4 Bg4 6. Be2 cxd4 7. cxd4 Nf6 8. h3 Bh5 9. Nc3 Qa5 10. 0-0 e6 11. a3 Be7 12. b4 Qd8 13. Be3 Rc8 14. Rc1 a6 15. Na4 Nd5 16. Nc5 Qb6 17. Nd2 Bxe2 18. Qxe2 Nf6 19. Nc4 Qa7 20. d5 Nxd5 21. Nxe6 Nxe3 22. Nxg7+ Kf8 23. Nxe3 Rg8 24. Ngf5 Qb8 25. Nd5 Re8 26. Nfxe7 Nxe7 27. Nf6 1-0

[Event "TUR-ch"]
[Site "Kemer"]
[Date "2012.01.29"]
[Round "1"]
[White "Demirag, Batuhan"]
[Black "Gucin, Zafer"]
[Result "0-1"]
[WhiteElo "1624"]
[BlackElo "2136"]
[PlyCount "66"]
[EventDate "2012.01.29"]
[EventType "swiss"]
[EventRounds "10"]
[EventCountry "TUR"]
[SourceTitle "CBM 146 Extra"]
[Source "ChessBase"]
[SourceDate "2012.02.29"]
[SourceVersion "1"]
[SourceVersionDate "2012.02.29"]
[SourceQuality "1"]

1. e4 c5 2. Nf3 Nc6 3. d4 cxd4 4. Nxd4 e6 5. Nc3 Qc7 6. Be3 a6 7. Bd3 Nf6 8. 0-0 Ne5 9. h3 Nc4 10. Bxc4 Qxc4 11. Qd3 Qc7 12. f4 d6 13. Rad1 Be7 14. Kh1 b5 15. a3 Bb7 16. f5 e5 17. Nb3 h6 18. Nd2 Rc8 19. Bg1 0-0 20. Rf3 Rfd8 21. Qe2 d5 22. exd5 Nxd5 23. Nxd5 Rxd5 24. c3 Rcd8 25. Be3 Qd6 26. Rg3 Bh4 27. Rg4 Bg5 28. Re1 Rxd2 29. Bxd2 Qxd2 30. Qxd2 Rxd2 31. Rxe5 Rxb2 32. Rc5 Be7 33. Re5 Rb1+ 0-1

[Event "Adana Ataturk op"]
[Site "Adana"]
[Date "2006.11.14"]
[Round "8"]
[White "Gucin, Zafer"]
[Black "Bakr, Jwan"]
[Result "0-1"]
[WhiteElo "2107"]
[BlackElo "2360"]
[PlyCount "67"]
[EventDate "2006.11.06"]
[EventType "swiss"]
[EventRounds "8"]
[EventCountry "TUR"]
[SourceTitle "CBM 115 Extra"]
[Source "ChessBase"]
[SourceDate "2007.01.10"]
[SourceVersion "1"]
[SourceVersionDate "2007.01.10"]
[SourceQuality "1"]

1. e4 c5 2. c3 Nf6 3. e5 Nd5 4. Nf3 Nc6 5. d4 cxd4 6. Bc4 Nb6 7. Bb3 e6 8. cxd4 d6 9. exd6 Qxd6 10. 0-0 Be7 11. Nc3 0-0 12. Qe2 a6 13. Rd1 Nb4 14. Ne4 Qd8 15. Nc5 N6d5 16. Ne5 b6 17. Ne4 Bb7 18. a3 Nc6 19. Rd3 Rc8 20. Nxc6 Rxc6 21. Rh3 Rxc1+ 22. Rxc1 Nf4 23. Qe3 Nxh3+ 24. gxh3 Kh8 25. Rd1 f5 26. Nc3 f4 27. Qxe6 Rf6 28. Qe2 Rg6+ 29. Kf1 f3 30. Qc4 Bd6 31. d5 Bc8 32. Ne4 Bxh3+ 33. Ke1 Bf4 34. Qf1 0-1